000 00200nam a22000977a 4500
082 _aPER
100 _aPertab Rai
245 _aProcess equipments of raw
260 _aLondon
_bMcGraw Hill
942 _cBK
999 _c15323
_d15323